LEADER 01045nam0-22003371i-450 001 990003011990403321 005 20221121105652.0 035 $a000301199 035 $aFED01000301199 035 $a(Aleph)000301199FED01 100 $a20000920d1967----km-y0itay50------ba 101 0 $aeng 102 $aUS 200 1 $a<>Appraisal of Short-Term Economic Forecasts$fVictor Zarnowitz. 210 $aNew York$cNational Bureau of Economic Research$cdistributed by Columbia University Press$d1967 215 $axii, 144 p.$cill.$d24 cm 225 1 $aOccasional paper$fNational bureau of economic research$v104 610 0 $aPrevisioni 676 $aF/2.5 676 $a338.544$v18$zita 702 1$aZarnowitz,$bVictor$f<1919-2009> 801 0$aIT$bUNINA$gRICA$2UNIMARC 901 $aBK 912 $a990003011990403321 952 $aF/2.5 ZAR$b1954/I$fSES 952 $aXV C 64 (104)$b82582$fFGBC 959 $aSES 959 $aFGBC 996 $aAppraisal of Short-Term Economic Forecasts$9467979 997 $aUNINA DB $aING01 LEADER 00902nam a2200241 a 4500 001 991003901189707536 008 020 $a9788886631990 035 $ab14406238-39ule_inst 040 $aDip.to di Storia, Società e Studi sull'Uomo$bita 082 0 $a306.8743 100 1 $aCampiotti, Marta$0789665 245 12$aL'armonia della nascita :$bdiventare mamma con rispetto e amore /$cMarta Campiotti 260 $aPavia :$bBonomi,$c2017 300 $a183 p. :$bill. ;$c21 cm 490 0 $aEducazione pre e perinatale ;$v26 650 4$aMaternità 907 $a.b14406238$b09-12-20$c24-11-20 912 $a991003901189707536 945 $aLE023 306.874 CAM 1 1$g1$i2023000188095$lle023$op$pE14.90$q-$rl$s- $t0$u0$v0$w0$x0$y.i15943112$z03-12-20 996 $aArmonia della nascita$91761759 997 $aUNISALENTO 998 $ale023$b24-11-20$cm$da $e-$fita$git $h2$i0